|
|
|
|
| LEADER |
00000nab a2200000 a 4500 |
| 001 |
vtls000033262 |
| 003 |
SK-MaSNL |
| 005 |
20260304065027.0 |
| 008 |
250422c1979 xo 0 slo |
| 015 |
|
|
|a SNBRB19rr/mm-uuuuu
|
| 035 |
|
|
|a CL0043356
|
| 035 |
|
|
|a urn:nbn:sk:snk-abb7xd
|
| 035 |
|
|
|a (urnnbn)urn:nbn:sk:snk:ar-0058x8
|
| 035 |
|
|
|a (uuid)51363ee9-83f7-491c-ae6e-6eda84739dc7
|
| 040 |
|
|
|a SNKBUCL
|b slo
|c SNKBUCL
|e AACR2
|
| 041 |
0 |
|
|a slo
|
| 044 |
|
|
|a xo
|c SK
|
| 080 |
|
|
|a 621.38
|2 1981
|
| 080 |
|
|
|a 621.39
|2 1981
|
| 100 |
1 |
|
|a Harman, Rudolf,
|d 1931-1999
|4 aut
|9 37285
|
| 245 |
1 |
0 |
|a Mikroelektronika ako rezolucionizujúci faktor techniky
|c Rudolf Harman
|
| 650 |
0 |
7 |
|a elektronika
|2 snkbucl
|9 3618
|
| 650 |
0 |
7 |
|a mikroelektronika
|2 snkbucl
|9 30923
|
| 655 |
|
7 |
|a články z novín a časopisov
|2 snkbucl
|9 267496
|
| 773 |
0 |
|
|t Technická práca
|g Roč. 31, č. 3 (1979), s. 3-5
|
| 850 |
|
|
|a Slovenská národná knižnica
|
| 852 |
|
|
|a Slovenská národná knižnica
|
| 954 |
|
|
|a odborná, vedecká literatúra pôvodná (slovenská)
|2 lita
|
| 958 |
|
|
|a article15
|
| 958 |
|
|
|a OND
|
| 958 |
|
|
|a RK
|
| 958 |
|
|
|a EUIPO
|
| 992 |
|
|
|a RBX
|
| 999 |
|
|
|c 2748950
|d 2750880
|